000 01051nac a22003497a 4500
001 BR7806275
003 BR-BrBNA
005 20240105114320.0
008 230509b bl.|||m| |||| 00| 0 por d
040 _aBR-BrBNA
_bpor
_cBiblioteca Nacional de Agricultura
072 _aK50
090 _a2680 BR7806275
100 1 _aZvinakevicius, C.
100 1 _aAndrade, J.O.M.
100 1 _aSilva, A.R. da
100 1 _aFoelkel, C.E.B.
110 1 _aCelulose Nipo-Brasileira S.A., Belo Oriente, MG
_91354
245 1 _aCaracteristicas papeleiras da madeira de acacia negra de Minas Gerais [Acacia mollissima]
260 3 _aBelo Oriente, MG (Brasil):
_c1978.
300 _a7 p.
490 _aCENIBRA Pesquisa. Serie Materia-Prima (Brazil)
_vno. 71
_x
650 _aACACIA NEGRA
650 _aMADEIRA
650 _aCELULOSE
650 _aPAPEL
650 _aCOMPOSICAO QUIMICA
650 _aANALISE FISICA
650 _aRENDIMENTO
650 _aMINAS GERAIS
909 _a202312
_bLúcia Elande
_c55
_dLúcia Elande
942 _2AGRIS
_n0
_cMS
999 _c268638
_d268638